Amber Construction Services Ltd v London Interspace HG Ltd (Record no. 80141)

MARC details
000 -LEADER
fixed length control field 01792cad a22002055a 4500
001 - CONTROL NUMBER
control field L143328
008 - FIXED-LENGTH DATA ELEMENTS--GENERAL INFORMATION
fixed length control field 080428e20071218xxk f v 000 0 eng d
035 ## - SYSTEM CONTROL NUMBER
System control number (Sirsi) u143328
041 0# - LANGUAGE CODE
Language code of text/sound track or separate title eng
245 00 - TITLE STATEMENT
Title Amber Construction Services Ltd v London Interspace HG Ltd
Medium [electronic resource]
260 ## - PUBLICATION, DISTRIBUTION, ETC.
Date of publication, distribution, etc. 2007
520 ## - SUMMARY, ETC.
Summary, etc. [2007] EWHC 3042 (TCC), 18 December 2007. Considers whether only fixed costs should be payable if the defendant to an issued claim admits or pays the sum claimed within a few days of the issue or before the acknowledgement of service. Applicant contractor (A) applied for the full costs of its claim to enforce an adjudicator's award against respondent (L), which had admitted the sum claimed when it filed its acknowledgement of service. L argued that A's costs should be limited to £100, the fixed amount which is payable in circumstances where liability in full is admitted, under the Civil Procedure Rules Part 45. A contended that the rules about fixed costs did not apply in this case. "Held": as A had given L a clear warning that it would commence proceedings unless the adjudication sum was paid and it had followed the correct adjudication procedure, it was deemed unfair to limit it to fixed costs. Therefore the court ordered fuller costs to A, a summary assessment of which was £6 162.
590 ## - LOCAL NOTE (RLIN)
Local note KA
650 24 - SUBJECT ADDED ENTRY--TOPICAL TERM
Topical term or geographic name entry element AMBER CONSTRUCTION SERVICES LTD V LONDON INTERSPACE HG LTD
650 24 - SUBJECT ADDED ENTRY--TOPICAL TERM
Topical term or geographic name entry element CIVIL PROCEDURE RULES PART 45
651 #4 - SUBJECT ADDED ENTRY--GEOGRAPHIC NAME
Geographic name England and Wales
Chronological subdivision 1543-
690 ## - LOCAL SUBJECT ADDED ENTRY--TOPICAL TERM (OCLC, RLIN)
Topical term or geographic name as entry element MANAGEMENT-DISPUTE AVOIDANCE, MANAGEMENT AND RESOLUTION-DISPUTE MANAGEMENT AND RESOLUTION-ALTERNATIVE DISPUTE RESOLUTION-ADJUDICATION
856 40 - ELECTRONIC LOCATION AND ACCESS
Uniform Resource Identifier <a href="https://www.bailii.org/ew/cases/EWHC/TCC/2007/3042.html">https://www.bailii.org/ew/cases/EWHC/TCC/2007/3042.html</a>
Public note View the judgment free of charge at www.bailii.org...
942 ## - ADDED ENTRY ELEMENTS (KOHA)
Suppress in OPAC 0
Holdings
Withdrawn status Lost status Source of classification or shelving scheme Damaged status Not for loan Home library Current library Shelving location Date acquired Total Checkouts Full call number Barcode Date last seen Copy number Price effective from Koha item type
    Dewey Decimal Classification     Virtual Virtual Online 28/04/2008   ONLINE PUBLICATION 143328-2001 06/08/2019 1 06/08/2019 Law report